| 000 | 00909nam a22002655i 4500 | ||
|---|---|---|---|
| 001 | 169215 | ||
| 003 | ES-MaACL | ||
| 005 | 20260623174046.0 | ||
| 008 | 080822s2007 sp |||| | spa d | ||
| 020 | _a978-84-8307-777-1 | ||
| 080 | _a913(533/534) | ||
| 100 | 1 |
_aMalraux, André, _d1901-1976 _975859 |
|
| 245 | 1 | 3 |
_aLa reina de Saba _b: una "aventura geográfica" / _cAndré Malraux ; edición de Philippe Delpuech ; prefacio de Jean Grosjean ; traducción de Guillermo Niño de Guzmán. |
| 250 | _a1ª ed. | ||
| 260 |
_aBarcelona : _bPenínsula, _c2007. |
||
| 300 |
_a122 p. : _bil. ; _c21 cm. |
||
| 490 | 1 |
_aAtalaya ; _v289 |
|
| 651 | 4 |
_aYemen- _vDescripción. _9138294 |
|
| 700 | 1 |
_aDelpuech, Philippe. _9138295 |
|
| 700 | 1 |
_aGrosjean, Jean. _9138016 |
|
| 700 | 1 |
_aNiño de Guzmán, Guillermo. _9138297 |
|
| 830 | 1 |
_aAtalaya ; _v289 _9180261 |
|
| 852 |
_aES-MaACL _jL-29631 |
||
| 999 |
_c169215 _d169215 |
||